00415nam a2200157Ia 45000010006000000050017000060080041000230410008000640820018000721000039000902450075001292600009002043000028002136500008002416540008002492144120260306172919.0260306t2008||||xx |||||||||||||| ||spa|| aESP a345bG92 2007 aGuillén Sosa, Henry AntonioeAUT 0aDerecho procesal penal :banálisis del nuevo código procesal penal c2008 a462 páginas :c29 cm. aGEN aCDE